000 00741nam a2200277Ia 4500
005 20260320195844.0
008 008 262003s9999 xx 000 0 hin d
020 _a9789388933483
037 _aEBOOK
040 _aCRL
040 _bhin
040 _cCRL
041 _2hin
041 _ahin
084 _qCRL
100 _aमदन गोपाल, सं. भीष्म साहनी
_91133333
245 0 _aकलम का मजदूर : प्रेमचंद
250 _a2nd
260 _bRajkamal
260 _c2019
300 _a319
856 _uhttps://ebook.indiaread.in/pdfs/1008_kalam_ka_mazdoor_premchand_by_madan_gopal.pdf
942 _cEBOOK
999 _c1716864
_d1716864